Northern Ireland Debutants since 2014 - Statistics

General Stats
  • This quiz has been taken 19 times
  • The average score is 17 of 44
Answer Stats
% Correct
2018 Leeds United GK 21 Bailey Peacock-Farrell 39
79%
2021 Liverpool RB 17 Conor Bradley 15 1
79%
2023 Everton CM 19 Isaac Price 4
57%
2018 Norwich City LB 20 Jamal Lewis 30
57%
2016 Peterborough United RB 27 Michael Smith 19 1
57%
2015 Manchester United CB 19 Paddy McNair 49 5
57%
2022 Manchester City DM 18 Shea Charles 8
57%
2020 St. Johnstone CM 20 Ali McCann 20 1
50%
2022 Huddersfield Town RB 18 Brodie Spencer 3
50%
2018 Celtic GK 20 Conor Hazard 3
50%
2021 Accrington Stanley ST 25 Dion Charles 5
50%
2023 Bolton Wanderers CB 24 Eoin Toal 5
50%
2017 Millwall CM 24 George Saville 32
50%
2017 Kilmarnock LW 23 Jordan Jones 15 1
50%
2018 Queens Park Rangers RW 20 Paul Smyth 3 1
50%
2022 Sunderland RB 20 Trai Hume 6
50%
2023 West Ham United ST 18 Callum Marshall 3
43%
2021 Walsall ST 28 Caolan Lavery 1
43%
2016 Queens Park Rangers ST 23 Conor Washington 31 5
43%
2020 Arsenal CB 20 Daniel Ballard 10 1
43%
2019 Manchester United CM 18 Ethan Galbraith 2
43%
2018 Oxford United RW 22 Gavin Whyte 20 3
43%
2024 Stevenage ST 29 Jamie Reid 1 1
43%
2018 Rangers CM 21 Jordan Thompson 18
43%
2018 Everton ST 19 Shayne Lavery 9 1
43%
2019 Cardiff City LB 21 Ciaron Brown 6
36%
2021 Nottingham Forest ST 17 Dale Taylor 1
36%
2020 Aberdeen LW 26 Matty Kennedy 5
36%
2021 Chelsea CB 19 Sam McClelland 1
36%
2018 Motherwell GK 30 Trevor Carson 8
36%
2022 Glentoran LW 26 Conor McMenamin 4
29%
2018 Rotherham United ST 25 Kyle Vassell 2
29%
2022 Reading GK 24 Luke Southwood 1
29%
2014 Liverpool RB 19 Ryan McLaughlin 5
29%
2019 Leeds United CM 19 Alfie McCalmont 4
21%
2014 MK Dons AM 22 Ben Reeves 2
21%
2023 West Ham United CB 19 Michael Forbes 1
21%
2014 Fulham DM 18 Liam Donnelly 4
14%
2014 Doncaster Rovers CB 20 Luke McCullough 6
14%
2016 Rochdale CM 25 Matty Lund 3
14%
2022 Fleetwood Town LW 21 Paddy Lane 3
14%
2017 Burton Albion CB 25 Tom Flanagan 10
14%
2014 Dundee United DM 27 Paul Paton 4
7%
2017 Accrington Stanley SS 23 Shay McCartan 2
7%
No matching quizzes found
Score Distribution
Percent of People with Each Score
Percentile by Number Answered
Your Score History
You have not taken this quiz